Places With Colored Names - Statistics

General Stats
  • This quiz has been taken 576 times
    574 since last reset
  • The average score is 7 of 20
Answer Stats
Hint Answer % Correct
Between Saudi Arabia and Egypt Red Sea
91%
Presidential House White House
82%
Capital of Louisiana Baton Rouge
59%
_______ ______ Packers Green Bay
52%
First view of England from France White Cliffs of Dover
50%
Tributaries for the Nile {Blue} and {White} Nile
45%
Tallest mountain in the Alps Mont Blanc
45%
The Real Housewives of _______ _________ Orange County
44%
Covered by an icesheet Greenland
38%
South East corner of Europe Black Sea
27%
Ivy League University Brown University
27%
French Riviera Côte d'Azur
20%
London park Green Park
20%
Tottenham Hotspurs stadium White Hart Lane
19%
Supervolcano Yellowstone
19%
Desperate Housewives street Wisteria Lane
18%
Gary Ridgway murders Green River
13%
Named after the color of the water Yellow River
9%
Opposite Whistler Blackcomb Peak
5%
2013 Shootings, the WNY Washington Navy Yard
0%
No matching quizzes found
Score Distribution
Percent of People with Each Score
Percentile by Number Answered
Your Score History
You have not taken this quiz since the last reset